00473nam a2200169 a 45000010005000000030009000050080041000140400028000550820017000831000031001002450071001312500007002022600035002093000010002444900021002546500028002752946CO-ViMGA141112s2004 ck r 000 u spa d aCO-ViMGAbspacCO-ViMGA04a373.246 R6271 aRodríguez de Fraga, Abel10aEducación tecnológica (se ofrece)espacio en el aula (se busca) a2a aBuenos Aires : bAique, c1996 a223 p aTransformación14aeducación TECNOLOGICA